|
|
|
|
| LEADER |
00896nam a2200229 a 4500 |
| 001 |
12362996 |
| 008 |
091118s2002 maua b 001 0 eng d |
| 010 |
|
|
|a \\2001030895
|
| 020 |
|
|
|a 0072374055 (alk. paper)
|
| 040 |
|
|
|a DLC
|c DLC
|d DLC
|
| 082 |
0 |
0 |
|a 336.73
|2 21
|
| 100 |
1 |
|
|a Rosen, Harvey S.
|
| 245 |
1 |
0 |
|a Public finance /
|c Harvey S. Rosen.
|
| 250 |
|
|
|a 6th ed.
|
| 260 |
|
|
|a Boston :
|b McGraw-Hill :
|b Irwin,
|c c2002.
|
| 300 |
|
|
|a xxxii, 570 p. :
|b ill. ;
|c 22 cm.
|
| 504 |
|
|
|a Includes bibliographical references and index.
|
| 541 |
1 |
|
|e 00013569
|
| 650 |
|
0 |
|a Finance, Public
|z United States.
|
| 852 |
4 |
|
|a Ayesha Abed Library
|j General shelf
|
| 999 |
|
|
|c 5596
|d 5596
|
| 952 |
|
|
|0 0
|1 0
|2 ddc
|4 1
|6 336_730000000000000_ROS
|7 0
|9 5493
|a BRACUL
|b BRACUL
|c SPS
|d 2009-11-18
|g 160.00
|l 5
|m 56
|o 336.73 ROS
|p 3010013569
|r 2018-01-09
|s 2017-09-19
|t 1
|v 320.00
|w 2009-11-18
|y BK
|x Photocopy Book. Declared as Damaged on December 10, 2023
|